Statistiques concernant Intercommunalités de l'Orne

Cliquez ici pour prendre le quiz!

Statistiques générales

  • Ce quiz a été pris 9 fois
  • Le résultat moyen est 6 sur 15

Statistiques - réponses

Nombres de CommunesIntercommunalités% Correct
31 (dont 05 dans le Sarthe)Communauté urbaine d'Alençon
100%
32Communauté de communes des Pays de L'Aigle
78%
33Communauté de communes du Pays de Mortagne au Perche
78%
49Terres d'Argentan Interco
78%
42Flers Agglo
67%
23Communauté de communes des Sources de l'Orne
56%
19Communauté de communes du Pays fertois et du Bocage carrougien
56%
15Domfront Tinchebray Interco
33%
46Communauté de communes des Vallées d'Auge et du Merlerault
22%
12Communauté de communes Andaine-Passais
11%
31Communauté de communes de la Vallée de la Haute Sarthe
11%
12Communauté de communes Cœur du Perche
0%
16Communauté de communes des Collines du Perche Normand
0%
10Communauté de communes des Hauts du Perche
0%
17Communauté de communes du Val d'Orne
0%

Distribution des résultats

Percentile par nombre de réponses

% des personnes avec chaque résultat

Votre développement - résultats

Vous n’avez pas pris ce quiz